Educating Christian teachers for responsive discipleship / (Record no. 49642)
| 000 -LEADER | |
|---|---|
| fixed length control field | 00855 am a2200217ua 4500 |
| 001 - CONTROL NUMBER | |
| control field | 007422241 |
| 020 ## - INTERNATIONAL STANDARD BOOK NUMBER | |
| International Standard Book Number | 0819190713 (pbk) : |
| Terms of availability | No price |
| 245 00 - TITLE STATEMENT | |
| Title | Educating Christian teachers for responsive discipleship / |
| Statement of responsibility, etc | edited by Peter DeBoer. |
| 260 ## - PUBLICATION, DISTRIBUTION, ETC. (IMPRINT) | |
| Place of publication, distribution, etc | Lanham ; |
| -- | London : |
| Name of publisher, distributor, etc | University Press of America, |
| Date of publication, distribution, etc | c1993. |
| 300 ## - PHYSICAL DESCRIPTION | |
| Extent | xiv,151p. ; |
| Dimensions | 24cm. |
| 490 1# - SERIES STATEMENT | |
| Series statement | Christian studies today |
| 500 ## - GENERAL NOTE | |
| General note | "Comprised of five major papers presented at a conference on teacher education and held at Calvin College in April, 1992"--P. v. |
| 504 ## - BIBLIOGRAPHY, ETC. NOTE | |
| Bibliography, etc | Includes bibliographical references. |
| 650 #0 - SUBJECT ADDED ENTRY--TOPICAL TERM | |
| Topical term or geographic name as entry element | Christian teachers. |
| Geographic subdivision | United States |
| General subdivision | Congresses. |
| 9 (RLIN) | 86765 |
| 650 #0 - SUBJECT ADDED ENTRY--TOPICAL TERM | |
| Topical term or geographic name as entry element | Christian education. |
| 650 #0 - SUBJECT ADDED ENTRY--TOPICAL TERM | |
| Topical term or geographic name as entry element | Discipleship. |
| 9 (RLIN) | 86766 |
| 700 1# - ADDED ENTRY--PERSONAL NAME | |
| Personal name | DeBoer, Peter P. |
| 9 (RLIN) | 86767 |
| 700 1# - ADDED ENTRY--PERSONAL NAME | |
| Personal name | Brummelen, Van. |
| 9 (RLIN) | 86768 |
| 710 2# - ADDED ENTRY--CORPORATE NAME | |
| Corporate name or jurisdiction name as entry element | Calvin College. |
| 9 (RLIN) | 86769 |
| 942 ## - ADDED ENTRY ELEMENTS (KOHA) | |
| Source of classification or shelving scheme | |
| Koha item type | Teacher's Resources |
| Withdrawn status | Lost status | Source of classification or shelving scheme | Damaged status | Not for loan | Collection code | Home library | Current library | Shelving location | Date acquired | Full call number | Barcode | Date last seen | Price effective from | Koha item type |
|---|---|---|---|---|---|---|---|---|---|---|---|---|---|---|
| TEACHERS' RESOURCES | Asian Hope Secondary Library | Asian Hope Secondary Library | SECONDARY | 10/10/2025 | 370071 DEB | 208342 | 10/10/2025 | 10/10/2025 | Teacher's Resources |